000 00361nam a2200133Ia 4500
008 240624s9999 xx 000 0 und d
041 _aeng
082 _a658.4012 COO
100 _aCOOK H E
245 _aDESIGN FOR SIX SIGMA AS STRATEGIC EXPERIMENTATION
260 _c2006
_aNew Delhi
_bPearson Education
300 _axxvii, : 356 : p. : cm. ; 24
365 _cRS
999 _c6172
_d6172